Самоуправление и воспитание личности студента в вузе; Инновационный подход в теории и практике воспитательной работы в вузе

Manylion Llyfryddiaeth
Parent link:Инновационный подход в теории и практике воспитательной работы в вузе.— 2007.— С. 80-81
Prif Awdur: Козлов В. Н.
Iaith:Rwseg
Cyhoeddwyd: 2007
Pynciau:
Fformat: Pennod Llyfr
KOHA link:https://koha.lib.tpu.ru/cgi-bin/koha/opac-detail.pl?biblionumber=144173

MARC

LEADER 00000naa2a2200000 4500
001 144173
005 20231031143547.0
035 |a (RuTPU)RU\TPU\book\156255 
090 |a 144173 
100 |a 20080930d2007 k y0rusy50 ca 
101 0 |a rus 
102 |a RU 
200 1 |a Самоуправление и воспитание личности студента в вузе  |f В. Н. Козлов 
463 0 |0 (RuTPU)RU\TPU\book\140187  |y 5-98425-009-8  |t Инновационный подход в теории и практике воспитательной работы в вузе  |o материалы Всероссийской научно-практической конференции, 12-14 декабря 2007 г., Томск  |f Томский политехнический университет (ТПУ)  |v С. 80-81  |d 2007  |p 202 с. 
610 1 |a вузы 
610 1 |a студенты 
610 1 |a воспитание 
610 1 |a личность 
610 1 |a самоуправление 
610 1 |a труды учёных ТПУ 
700 1 |a Козлов  |b В. Н. 
801 1 |a RU  |b 63413507  |c 20080930  |g PSBO 
942 |c BK